|
|
|
|
| LEADER |
01090cam a2200313 7i4500 |
| 001 |
0000134700 |
| 005 |
20191216090000.0 |
| 008 |
191216t20192019nyua ### #00001eng## |
| 020 |
# |
# |
|a 9781138559059
|
| 040 |
# |
# |
|a UMT
|
| 090 |
0 |
0 |
|a HB 172.5
|b .G6 2019
|
| 100 |
1 |
# |
|a Goodwin, Neva
|e author
|
| 245 |
1 |
0 |
|a Macroeconomics in context
|c Neva Goodwin, Jonathan M. Harris, Julie A. Nelson, Pratistha Joshi Rajkarnikar, Brian Roach and Mariano Torras.
|
| 250 |
# |
# |
|a Third edition.
|
| 264 |
# |
4 |
|c ♭2019.
|
| 264 |
# |
1 |
|a New York, NY:
|b Routledge,
|c 2019.
|
| 300 |
# |
# |
|a xxxiv, 725 pages:
|b illustrations;
|c 25 cm.
|
| 336 |
# |
# |
|a text
|2 rdacontent
|
| 337 |
# |
# |
|a unmediated
|2 rdamedia
|
| 338 |
# |
# |
|a volume
|2 rdacarrier
|
| 504 |
# |
# |
|a Includes bibliographical references and index
|
| 590 |
# |
# |
|a Fakulti Perniagaan Ekonomi dan Pembangunan Sosial
|
| 650 |
0 |
0 |
|a Macroeconomics
|
| 700 |
1 |
# |
|a Roach, Brian
|
| 700 |
1 |
# |
|a Harris, Jonathan M.
|
| 700 |
1 |
# |
|a Nelson, Julie A.
|
| 700 |
1 |
# |
|a Torras, Mariano
|
| 700 |
1 |
# |
|a Rajkarnikar, Pratistha Joshi
|
| 999 |
|
|
|a 1100108303
|b Book
|c Open Shelf
|e KOLEKSI TERBUKA
|